101 Hahmoa Kreikan Mytologiasta - Statistics

Yleistilastot
  • Tätä visaa on pelattu 110 kertaa
  • Keskiarvotulos 35 / 101
Vastaustilastot
Hint Vastaus % Oikein
Ylijumala Zeus
100%
Manalan jumala Haades
85%
Lihaksikas puolijumala, joka suoritti 12 urotyötä Herakles
83%
Meren jumala Poseidon
83%
Ylemmän vaimo ja sisko Hera
81%
Olento, joka on puoliksi mies ja puoliksi härkä ja joka asui labyrintissa Minotauros
75%
Jättimäinen yksisilmäinen olento Kyklooppi
71%
Rakkauden ja kauneuden jumalatar Afrodite
69%
Kreikkalaisten tärkein sankari Troijan sodassa Akhilleus
68%
Sodan jumala Ares
68%
Olento, joka on puoliksi ihminen ja puoliksi hevonen Kentauri
65%
Viisauden jumalatar Athene
64%
Kuningas "kultaisella kosketuksella" Midas
64%
Siivekäs hevonen Pegasos
64%
Jumalten asuinpaikka Olympos
63%
Jumalien sanansaattaja, jolla on siivekkäät sandaalit Hermes
60%
Metsästyksen jumalatar Artemis
57%
Olennot, jotka houkuttelevat merimiehiä kuolemiinsavastustamattomalla laulullaan Seireenit
57%
Jumala, jonka oraakkeli sijaitsi Delfoissa Apollon
54%
Kolmipäinen koira, joka vartioi manalan porttia Kerberos
54%
Yksi ylemmistä, jonka pää katkaistiin Medusa
51%
Nainen, joka avasi lippaan ja päästi valloilleen kaikki maailman vitsaukset Pandora
51%
Aiemmista jumalolennoista käytettävä termi, joita myös pari ylempää ovat Titaani
50%
Henkilö, joka kuvataan yleensä maapallo harteillaan Atlas
49%
Manalan tunnetuin joki Styks
49%
Viinin jumala Dionysos
47%
Ylemmän poika, joka lensi liian lähelle aurinkoa Ikaros
47%
Jumalolento, joka nieli lapsensa Kronos
47%
Ithakan nokkela kuningas, joka rakensi Troijan hevosen Odysseus
47%
Sankari, joka surmasi ylemmän Perseus
46%
Rakkauden ja seksin jumala Eros
44%
Maan alkujumalatar ja useiden titaanien äiti Gaia
43%
Tulen ja taonnan jumala Hefaistos
43%
Kreetan legendaarinen kuningas Minos
43%
Lumoojatar, joka muutti miehiä sioiksi saarellaan Kirke
42%
Naissoturien rotu Amatsoni
40%
Nainen, jonka ylempi kaappasi Helena
40%
Voiton siivekäs jumalatar Nike
40%
Jumalatar, jonka ylempi kaappasi Persefone
40%
Hybridiolento, joka syö ne, jotka eivät osaa vastata tämän arvoituksiin Sfinksi
40%
Sadonkorjuun ja maan hedelmällisyyden jumalatar Demeter
39%
Monipäinen hirviö. Kun yksi pää katkeaa, kaksi kasvaa sen tilalle Hydra
38%
Ylemmän vaimo ja erään galaksin kaima Andromeda
36%
Metsästäjä, jonka vyön voi nähdä tähtitaivaalla Orion
36%
Mies, joka rakastui omaan kuvajaiseensa Narkissos
35%
Auringon ruumillistuma, joka ajaa vaunuillaan taivaan halki Helios
33%
Kuningas, joka kirottiin tappamaan perheensäja naimaan äitinsä Oidipus
33%
Mies, joka rakensi ylemmälle labyrintin, joutui vangituksi sinne ja pakeni vahasta tehdyillä siivillä Daidalos
32%
Laiva, jolla ylempi purjehti Argo
31%
Unen ruumiillistuma Hypnos
31%
Syvä kuilu, jossa ylemmät ovat vangittuina Tartaros
31%
Termi vähäisemmälle naispuoliselle jumalolennolle Nymfi
29%
Olento, jolla on leijonan keho ja kotkan pää ja siivet Aarnikotka
28%
Ruma olento, joka oli puoliksi nainen ja puoliksi lintu Harpyija
28%
Viisain ylemmistä, taitava lääkitsijä Kheiron
28%
Sankari, joka etsi kultaista taljaa Iason
26%
Nainen, joka onnistui pitämään nokkelan kuninkaan saarellaan ja lupasi tehdä tästä kuolemattoman Kalypso
26%
Yhdeksän inspiroivaa tieteen, kirjallisuuden ja käsitöiden jumalatarta Muusat
26%
Yön ruumiillistuma Nyks
26%
Troijan prinssi, joka ampui ylempää kantapäähän Paris
26%
Merimiehet voivat löytää itsensä näiden kahden merihirviön välistä Skylla
26%
Tulisijan neitsyt jumalatar Hestia
24%
Ylemmän vaimo Penelope
24%
Ylemmän poika Triton
24%
Foinikialainen prinsessa, jonka Zeus kaappasi häräksi naamioituneena Europe
22%
Troijan tärkein sankari Hektor
22%
Mies, joka soitti niin kauniisti, että joet lopettivat virtauksensa ja vuoret tulivat lähemmäksi kuullakseen paremmin Orfeus
22%
Titaani, joka loi ihmiset ja antoi niille tulen Prometeus
22%
Sankari, joka surmasi ylemmän Theseus
22%
Olento, jolla on hiuksinaan käärmeitä ja jonka katse muuttaa miehet kiveksi Gorgo
21%
Noita, joka auttoi kultaisen taljan etsijää ja nai tämän Medeia
21%
Olento, jolla on hevosen häntä ja alituinen erektio Satyyri
21%
Kuun ruumiillistuma Selene
21%
Eripuran jumalatar Eris
19%
Ylemmän vaimo Rhea
19%
Taivaan alkujumala Uranos
19%
Tyhjyys, joka oli olemassa ennen Maan ja Taivaan syntyä Khaos
18%
Leijonan, vuohen ja käärmeen risteymä. Nykypäivänä tämä termi viittaa mihin tahansa hybridiolentoon Khimaira
18%
Kuoleman ruumiillistuma Thanatos
18%
Sielun jumalatar ja ylemmän puoliso Psykhe
17%
Käärme, jonka ylempi tappoi Pyton
17%
Lääkinnän ja terveyden jumala, joka kantaa kädessään sauvaa, jonka ympärille on kietoutunut käärme Asklepios
15%
Jumalatar, joka rankaisee niitä, joilla on liikaa hybristä Nemesis
15%
Ylemmän hyvin komea ja kuolevainen rakastaja Adonis
13%
Mykeneen kuningas. Kreikan tärkeinjohtaja Troijan sodassa Agamemnon
13%
Kaksoset, jotka muodostavat Kaksosten tähtikuvion Castor
13%
Kasvi, joka sai ihmiset nukkumaan rauhallisessa apatiassa Lootus
13%
Lahjakas ennustaja, jonka päälle on langetettu kirous, ettei häntä uskottaisi Kassandra
11%
Pollux
11%
Sankari, joka ratsasti ylempää Bellerofon
10%
Pelon ruumiillistuma Fobos
10%
Kharybdis
10%
Aamuruskon ruumiillistuma Eos
8%
Kolme vihaista sisarta, jotka rankaisivat valan rikkojia Erinykset
8%
Pyloksen kuningas, jolla oli suuri malja, jonka vain tämä itse kykeni nostamaan Nestor
8%
Sankarien paikka tuonpuoleisessa Elysionin kentät
7%
Ylemmän äiti Jocasta
6%
Troijan kuningas Priamos
4%
Troijalainen sankari, joka tunnetaan roomalaisten isänä Aineias
1%
Karjan ja hedelmällisyyden jumalolento, jolla on myös alituinen erektio Priapos
1%
Virran, joka ympäröi Maata, ruumiillistuma Okeanos
0%
Ehtoja vastaavia visoja ei löytynyt
Tulosjakauma
Jokaisen tuloksen saaneiden osuus
Persentiili vastausten määrän mukaan
Tuloshistoriasi
Et ole pelannut tätä visaa